00327nam a2200121Ia 4500008004100000041000800041082001500049100001600064245004400080260004200124300003000166365000900196240624s9999 xx 000 0 und d aeng a332.64 CHA aCHAZE AARON aASIA INVESTOR CHARTING A COURSE THROUGH c2010aNew JerseybJohn Wiley and Sons axi, : 178 : p. : cm. ; 23 cb27